Nghiên cứu đối chiếu các ngôn ngữ

AV090 Ngôn ngữ học đối chiếu

সংরক্ষণ করুন:
গ্রন্থ-পঞ্জীর বিবরন
প্রধান লেখক: Lê, Quang Thiêm
বিন্যাস: গ্রন্থ
ভাষা:Undetermined
প্রকাশিত: H. Đại học Quốc gia Hà Nội 2008
বিষয়গুলি:
অনলাইন ব্যবহার করুন:http://lrc.tdmu.edu.vn/opac/search/detail.asp?aID=2&ID=3994
ট্যাগগুলো: ট্যাগ যুক্ত করুন
কোনো ট্যাগ নেই, প্রথমজন হিসাবে ট্যাগ করুন!
Thư viện lưu trữ: Trung tâm Học liệu Trường Đại học Thủ Dầu Một
LEADER 00669nam a2200205Ia 4500
001 TDMU_3994
008 210410s9999 xx 000 0 und d
082 |a 410 
090 |b L46 
100 |a Lê, Quang Thiêm 
245 0 |a Nghiên cứu đối chiếu các ngôn ngữ 
245 0 |c Lê Quang Thiêm 
260 |a H. 
260 |b Đại học Quốc gia Hà Nội 
260 |c 2008 
300 |a 358tr. 
520 |a AV090 Ngôn ngữ học đối chiếu 
650 |a Ngôn ngữ học 
856 |u http://lrc.tdmu.edu.vn/opac/search/detail.asp?aID=2&ID=3994 
980 |a Trung tâm Học liệu Trường Đại học Thủ Dầu Một